01490nam a22001457a 4500008004100000020001800041050002000059100002100079245005400100250001300154260005200167300003400219500002000253505107100273200310b xxu||||| |||| 00| 0 eng d a9781133936527 aHG4521.M37(11e) aMayo, Herbert B. aInvestments: an introduction. /cHerbert B. Mayo. a11th ed. aMason :bSouth-Western Cengage Learning,c2014. axix, 791 p. :bill. ;c25 cm. aIncludes index. aContents: Part 1: The investment process and financial concepts: An introduction to investments -- Securities markets -- The time value of money -- Financial planning, taxation, and the efficiency of financial markets -- Risk and portfolio management -- Part 2: Investment companies: Investment companies: mutual funds -- Closed-end investment companies, Real Estate Investment Trusts (RTEIs), and Exchange-Traded Funds (ETFs) -- Part 3: Investing in common stock: Stock -- The valuation of common stock -- Investment returns and aggregate measures of stock markets -- The macroeconomic environment for investment decisions -- Behavioral finance and technical analysis -- Part 4: Investing in fixed-income securities: The bond market -- The valuation of fixed-income securities -- Government securities -- Convertible bonds and convertible preferred stock -- Part 5: Derivatives: An introduction to options -- Option valuation and strategies -- Commodity and financial futures -- Part 6: An overview: Financial planning and investing in an efficient market context.